| 000 | 00834nam a2200265 a 4500 | ||
|---|---|---|---|
| 001 | 36466 | ||
| 003 | BD-RjUL | ||
| 005 | 20211209052506.0 | ||
| 008 | 140624s1982 ilua b 001 0 eng | ||
| 020 | _a0256024537 | ||
| 035 | _a(BD-RjUL)36566 | ||
| 040 |
_aDLC _cDLC _dBD-RjUL _beng |
||
| 041 | _aeng | ||
| 082 | 0 | 0 |
_a320.973 _219 _bSTU 1982 |
| 100 | 1 |
_aStarling, Grover. _9111020 |
|
| 245 | 1 | 0 |
_aUnderstanding American politics / _cGrover Starling. |
| 260 |
_aHomewood, Ill. : _bDorsey Press, _c1982. |
||
| 300 |
_axii, 538, [66] p. : _bill. (some col.) ; _c24 cm. |
||
| 504 | _aIncludes bibliographical references and index. | ||
| 651 | 0 |
_aUnited States _xPolitics and government. _9111022 |
|
| 942 |
_2ddc _cBK |
||
| 999 |
_c36466 _d36466 |
||